01385cam a2200349 a 450000100090000000300040000900500170001300800410003001000170007102000150008802000180010302500270012103500220014803700630017004000190023304200100025208200170026210000240027924501370030326000610044030000110050150000380051250400410055052001410059165000550073265000320078765000340081965000360085370000320088970000230092185600910094413352701OSt20191221133500.0030416s2003 ii a b 000 0 eng  a 2003307509 a0195664051 a9780195664058 aI-E-2003-307509; 79-92 a(DLC) 2003307509 bLibrary of Congress -- New Delhi Overseas OfficecRs675.00 aDLCcoclcdDLC alcode a338.9bPAR/R aParr, Sakiko Fukuda00aReadings in Human Development :bConcepts, measures, and policies for a development paradigm /cSakiko Fukuda-Parr ; A.K Shiva Kumar aNew Delhi ;aNew York :bOxford University Press,c2003. a 370 p a"With a foreword by Amartya Sen." aIncludes bibliographical references. aContributed articles on debates regarding how to evaluate economic development and quality of life of people with new social indicators. 0aEconomic developmentxSocial aspectsxMethodology. 0aHuman capitalxMethodology. 0aQuality of lifexMethodology. 0aSocial accountingxMethodology.1 aFukuda-Parr, Sakiko,d1950-1 aShiva Kumar, A. K.423Publisher descriptionuhttp://www.loc.gov/catdir/enhancements/fy0637/2003307509-d.html